000 00919nam a2200229Ii 4500
003 JO-AjNU
008 230605s9999||||xx |||||||||||||| ||und||
017 _a1995/9505
020 _a977-01-4566-5
040 _aJO-AjNU
_bara
_erda
_cJO-AjNU
041 _aara
050 1 4 _aE188.N3712 1995
100 3 _aتاليف ناش، جارى ب؛ ترجمة عبد الرزاق، مصطفى ابو الخير,
_eauthor
_98584
245 0 0 _aالحمر والبيض والسود: تاريخ الصراع العنصري في أمريكا
264 3 1 _aالقاهرة: الهيئة المصرية العامة للكتاب، 1995
300 _a375ص
336 _atext
_btxt
_2rdacontent
337 _aunmediated
_bn
_2rdamedia
338 _avolume
_bnc
_2rdacarrier
490 0 _aالالف كتاب الثاني
650 4 _aالتفرقة العنصرية-الولايات المتحدة الامريكية-تاريخ
_98585
999 _aA864
_c4432
_d4432